000 00818nam a2200301Ia 4500
001 38135
003 IT-RoPAU
008 130308s9999 xx 000 0 und d
040 _aIT-RoPAU
040 _cIT-RoPAU
041 _aFRANCESE
100 _aBobrinskoy Boris
100 _gCodice Aut. SPICS: 10618
245 _aQuelques reflexions sur la pneumatologie du culte
245 _bSaint-Esprit Dans la Liturgie (Le)
250 _a1a ed.
260 _aROMA
260 _bCLV Edizioni Liturgiche
260 _c1977 [1° Ed.:1977 - Ed.Ling.Originale:1969]
300 _a"10 p. (prefazione: no ; testo: 10 [pagine: 29-38])"
500 _aPneumatologia del Culto
650 _aSAGGI DI LITURGIA
650 _eCodice materia Spics: 9160
942 _cBK
957 _71
999 _c63794
_d63794
999 _bSI
999 _g1